| 000 | 01205cam a22003377a 4500 | ||
|---|---|---|---|
| 003 | CHAP | ||
| 005 | 20220817041010.0 | ||
| 008 | 971013s1984 r 10010 d | ||
| 010 | _a4245 | ||
| 011 | _a5217 | ||
| 035 | _a4424 | ||
| 040 | _cCHAP | ||
| 090 | _aFolleto 13282 | ||
| 111 | 0 | 0 |
_aReunión Nacional para la Actualización de la Enseñanza de las Ciencias del Suelo e Irrigación ( _d1984 _c: Cd. Victoria, Tamps.) _996538 |
| 245 | 0 | _aMemorias | |
| 260 |
_aMéxico, D.F. : _bAsociación Mexicana de Educación Agrícola Superior, _c1984 |
||
| 300 | _a83 p | ||
| 590 |
_aBATCH-UPD _b10 _c20130110 _lUCH01 _h1616 |
||
| 590 |
_aBATCH-UPD _b10 _c20130410 _lUCH01 _h1011 |
||
| 590 |
_aBATCH-UPD _b10 _c20130914 _lUCH01 _h1239 |
||
| 590 |
_aCONVERSION _b10 _c20130109 _lUCH01 _h1303 |
||
| 650 | 1 | 4 |
_aEducación agrícola _xCongresos. _935504 |
| 650 | 1 | 4 |
_aEducación agrícola _zMéxico. _935552 |
| 650 | 1 | 4 | _aEducación superior. |
| 650 | 1 | 4 |
_aIrrigación _xEstudio y enseñanza. _960409 |
| 650 | 1 | 4 |
_aSuelos _xEstudio y enseñanza. _9110361 |
| 901 | _aBK | ||
| 942 | _cFOLL | ||
| 949 |
_aFolleto 13282 _bBC _cCONG _d-80586 _eCONG _fc.2 _i4424 _si |
||
| 949 |
_aFolleto 13282 _bBC _cFOLL _d-13967 _eTS1 _i4424 _mD _si |
||
| 999 |
_c4245 _d4245 |
||